[Event "Madrid Oliver Gonzalez Memorial-B 3rd"]
[Site "Madrid"]
[Date "2012.09.09"]
[Round "9"]
[White "Palenciano Escolar, Adrian"]
[Black "Perez Llera, Javier"]
[Result "1/2-1/2"]
[WhiteElo "1640"]
[BlackElo "2015"]
[PlyCount "66"]
[EventDate "2012.09.01"]
[EventType "swiss"]
[EventRounds "9"]
[EventCountry "ESP"]
[SourceTitle "CBM 150 Extra"]
[Source "ChessBase"]
[SourceDate "2012.10.19"]
[SourceVersion "1"]
[SourceVersionDate "2012.10.19"]
[SourceQuality "1"]

1. e4 c6 2. d4 d5 3. Nc3 dxe4 4. Nxe4 Bf5 5. Ng3 Bg6 6. h4 h6 7. h5 Bh7 8. Nf3 Nd7 9. Bd3 Bxd3 10. Qxd3 Ngf6 11. Bd2 e6 12. 0-0-0 Qc7 13. Qe2 0-0-0 14. Ne5 Nxe5 15. dxe5 Nd7 16. f4 Be7 17. Ne4 Nc5 18. Rh3 Rd4 19. Nxc5 Bxc5 20. Be3 Rxd1+ 21. Qxd1 Rd8 22. Qe2 Qa5 23. Bxc5 Qxc5 24. Rf3 Qd5 25. c4 Qc5 26. Kc2 a5 27. g3 a4 28. Rc3 Rd4 29. Qe3 Kc7 30. b4 axb3+ 31. axb3 Qa7 32. Kb2 c5 33. Rd3 Qb6 1/2-1/2

[Event "Madrid Oliver Gonzalez Memorial-B 3rd"]
[Site "Madrid"]
[Date "2012.09.08"]
[Round "8"]
[White "Perez Llera, Javier"]
[Black "Diaz Begonte, Manuel"]
[Result "0-1"]
[WhiteElo "2015"]
[BlackElo "1776"]
[PlyCount "66"]
[EventDate "2012.09.01"]
[EventType "swiss"]
[EventRounds "9"]
[EventCountry "ESP"]
[SourceTitle "CBM 150 Extra"]
[Source "ChessBase"]
[SourceDate "2012.10.19"]
[SourceVersion "1"]
[SourceVersionDate "2012.10.19"]
[SourceQuality "1"]

1. c4 c6 2. Nc3 d5 3. d4 dxc4 4. e4 b5 5. a4 b4 6. Na2 e6 7. Bxc4 Nd7 8. Nf3 Bb7 9. Bg5 Qb6 10. Qb3 Ngf6 11. Bxe6 fxe6 12. Qxe6+ Be7 13. Ne5 Qxd4 14. Qf7+ Kd8 15. Nxd7 Qxe4+ 16. Kf1 Ba6+ 17. Kg1 Kxd7 18. Rd1+ Nd5 19. Qxg7 Rhg8 20. Qxe7+ Qxe7 21. Bxe7 Kxe7 22. f3 Rae8 23. Kf2 Kf6 24. Rd2 Re5 25. Rc1 Re6 26. g4 Bb7 27. Rc4 Ba6 28. Rc5 Rg7 29. Nc1 Rd7 30. Rdc2 Ne3 31. g5+ Ke7 32. Nb3 Nxc2 33. Rxc2 Bd3 0-1

[Event "Madrid Oliver Gonzalez Memorial-B 3rd"]
[Site "Madrid"]
[Date "2012.09.04"]
[Round "4"]
[White "Ortiz Berruguete, Adrian"]
[Black "Perez Llera, Javier"]
[Result "0-1"]
[WhiteElo "1803"]
[BlackElo "2015"]
[PlyCount "60"]
[EventDate "2012.09.01"]
[EventType "swiss"]
[EventRounds "9"]
[EventCountry "ESP"]
[SourceTitle "CBM 150 Extra"]
[Source "ChessBase"]
[SourceDate "2012.10.19"]
[SourceVersion "1"]
[SourceVersionDate "2012.10.19"]
[SourceQuality "1"]

1. e4 d5 2. exd5 Nf6 3. d4 Bg4 4. Be2 Bxe2 5. Nxe2 Nxd5 6. c4 Nb6 7. Qb3 Nc6 8. Be3 e6 9. Nbc3 Bb4 10. 0-0 Bxc3 11. bxc3 0-0 12. a4 Na5 13. Qc2 Nbxc4 14. Bf4 Qe7 15. Rfb1 Na3 16. Qe4 Nxb1 17. Rxb1 b6 18. Rb5 Rfe8 19. Rh5 g6 20. Rh3 Nc4 21. Bh6 Nd6 22. Qf4 e5 23. Qd2 exd4 24. Kf1 Nf5 25. Bf4 dxc3 26. Rxc3 Rad8 27. Rd3 c5 28. Qc2 Rxd3 29. Qxd3 Qe4 30. Qb5 Nd4 0-1

[Event "Madrid Oliver Gonzalez Memorial 1st"]
[Site "Madrid"]
[Date "2010.10.17"]
[Round "9"]
[White "Perez Llera, Javier"]
[Black "Nunez Miranda, Adrian"]
[Result "0-1"]
[WhiteElo "2066"]
[BlackElo "1811"]
[PlyCount "108"]
[EventDate "2010.10.09"]
[EventType "swiss"]
[EventRounds "9"]
[EventCountry "ESP"]
[SourceTitle "CBM 138 Extra"]
[Source "ChessBase"]
[SourceDate "2010.10.29"]
[SourceVersion "1"]
[SourceVersionDate "2010.10.29"]
[SourceQuality "1"]

1. Nf3 f5 2. d3 g6 3. e4 d6 4. Nc3 Bg7 5. d4 Nh6 6. Bc4 fxe4 7. Ng5 Bf5 8. Be6 Nc6 9. Bxf5 Nxf5 10. Ne6 Qd7 11. d5 Bxc3+ 12. bxc3 Ne5 13. h4 h6 14. Bf4 c6 15. c4 Nxc4 16. g4 Nb6 17. gxf5 Nxd5 18. Qg4 Nxf4 19. Qxf4 Rc8 20. Qxe4 Rg8 21. Rg1 d5 22. Qe3 Qd6 23. Rb1 Qh2 24. Ke2 Qxh4 25. Rxg6 Rxg6 26. fxg6 Qg4+ 27. Kd2 b6 28. g7 Kf7 29. Qxh6 Qxe6 30. Qh7 Rg8 31. Rb3 Qg4 32. Rg3 Rxg7 33. Qd3 Qf4+ 34. Kd1 Rxg3 35. fxg3 Qg4+ 36. Kc1 Qg5+ 37. Kb1 Ke6 38. Qa3 b5 39. Qc5 Qxg3 40. Qxc6+ Qd6 41. Qxb5 Qb6 42. Qxb6+ axb6 43. Kb2 Kd6 44. Kc3 Kc5 45. a3 e5 46. Kd3 e4+ 47. Ke3 Kc4 48. a4 Kb4 49. Kd4 Kxa4 50. c4 dxc4 51. Kxc4 Ka3 52. Kd4 b5 53. Kxe4 b4 54. Kd3 Ka2 0-1

[Event "Madrid Oliver Gonzalez Memorial 1st"]
[Site "Madrid"]
[Date "2010.10.14"]
[Round "6"]
[White "Valles Moreno, Ivan"]
[Black "Perez Llera, Javier"]
[Result "1-0"]
[WhiteElo "2403"]
[BlackElo "2066"]
[PlyCount "121"]
[EventDate "2010.10.09"]
[EventType "swiss"]
[EventRounds "9"]
[EventCountry "ESP"]
[SourceTitle "CBM 138 Extra"]
[Source "ChessBase"]
[SourceDate "2010.10.29"]
[SourceVersion "1"]
[SourceVersionDate "2010.10.29"]
[SourceQuality "1"]

1. d4 d5 2. c4 c6 3. Nf3 Nf6 4. Nc3 dxc4 5. a4 Bf5 6. Ne5 Nbd7 7. Nxc4 e6 8. g3 Bb4 9. Bg2 Be4 10. Bxe4 Nxe4 11. 0-0 Ndf6 12. Qb3 a5 13. Bf4 0-0 14. Rfd1 Bxc3 15. bxc3 Nd5 16. Bd2 b5 17. Ne5 Qc7 18. Be1 c5 19. axb5 cxd4 20. cxd4 Ndc3 21. Bxc3 Qxc3 22. Qb1 Nd6 23. Rd3 Qb4 24. Qxb4 axb4 25. Rb1 Nxb5 26. Rxb4 Nc7 27. e4 Rfb8 28. Rxb8+ Rxb8 29. Kg2 f6 30. Nc6 Rb6 31. Rc3 Nb5 32. Rc5 Nd6 33. e5 Nb7 34. Rc2 Kf7 35. Nb8 Na5 36. Rc7+ Kg6 37. Nd7 Rb7 38. Nf8+ Kf5 39. Rc3 Rb3 40. Rc5 Nb7 41. exf6+ Kxf6 42. Re5 h6 43. Nxe6 Rb6 44. Nf4 Rd6 45. Nd5+ Kg6 46. h4 Nd8 47. Nf4+ Kf6 48. Rd5 Ke7 49. Kf3 g5 50. hxg5 hxg5 51. Rxd6 Kxd6 52. Ne2 Ke6 53. Kg4 Nf7 54. Ng1 Kf6 55. Nf3 Nh6+ 56. Kh5 Nf5 57. g4 Ng7+ 58. Kh6 Ne6 59. d5 Nc7 60. d6 Ne8 61. d7 1-0

[Event "Madrid Oliver Gonzalez Memorial 1st"]
[Site "Madrid"]
[Date "2010.10.10"]
[Round "2"]
[White "Hernando Pertierra, Jose Carlos"]
[Black "Perez Llera, Javier"]
[Result "1-0"]
[WhiteElo "2388"]
[BlackElo "2066"]
[PlyCount "91"]
[EventDate "2010.10.09"]
[EventType "swiss"]
[EventRounds "9"]
[EventCountry "ESP"]
[SourceTitle "CBM 138 Extra"]
[Source "ChessBase"]
[SourceDate "2010.10.29"]
[SourceVersion "1"]
[SourceVersionDate "2010.10.29"]
[SourceQuality "1"]

1. c4 c6 2. Nf3 d5 3. e3 Nf6 4. Nc3 e6 5. b3 Bd6 6. Bb2 Nbd7 7. Qc2 0-0 8. Rc1 Re8 9. Be2 a6 10. cxd5 exd5 11. Nd4 Nc5 12. 0-0 Bg4 13. f4 Bxe2 14. Ncxe2 Rc8 15. Ng3 Nce4 16. Ndf5 Bf8 17. Nxe4 Nxe4 18. Ba1 Nd6 19. Nxd6 Qxd6 20. Rf3 Qe6 21. Rg3 c5 22. f5 Qe4 23. Bxg7 Bxg7 24. f6 Qxc2 25. Rxc2 d4 26. Rxg7+ Kf8 27. Rxh7 Kg8 28. Rg7+ Kf8 29. Rg3 Re4 30. Rh3 Kg8 31. exd4 Rxd4 32. Rcc3 Rg4 33. Rh6 Rc6 34. Rd3 Rc8 35. h3 Rg6 36. Rxg6+ fxg6 37. Rd7 b5 38. g4 c4 39. g5 c3 40. dxc3 Rxc3 41. h4 Rh3 42. Rd4 Rc3 43. Kg2 Rc2+ 44. Kg3 Rxa2 45. h5 Kf7 46. Rd7+ 1-0